000
00276nam a22001097a 4500
008
170113b xxu||||| |||| 00| 0 eng d
020
_a
0803658036
041
_a
eng
080
_2
3RD
_a
618.2
245
_a
NURSING CARE DURING THE LEABOR PROCESS
_c
MALINOWSKI, J.S
942
_2
udc
_c
BK
999
_c
2892
_d
2892